00786nam a22001457a 450000500170000000800410001702000180005805000150007624500650009126000440015630000340020050000510023450503310028570000240061620230626151514.0230320b ||||| |||| 00| 0 eng d a9789988274054 aJQ3030.B73 aPublic administration / cIsaac Brako and Kwame Asah-Asante. aTema :bDigibooks Ghana Limited,c2018. axii, 137 p. :bill. ;c24 cm. aIncludes bibliographical references and index. aContents : Nature and scope of public administration -- Dichotomy between public and private administration -- Public policy processes, actors and instruments -- Principles of administration -- Organization of government Ministries, Departments and Agencies (MDAs) -- Civil service -- Bureaucracy -- Bureaucratic corruption.  aAsah-Asante, Kwame.